Haritada İstanbul İlçeleri - Statistics

General Stats
  • This quiz has been taken 20 385 times
  • The average score is 27 of 39
Answers on the Map
Answers color-coded by a green-red scale on the quiz's map according to % correct below.
 
Answer Stats
Kıta İlçe % Correct
Asya Kadıköy
92%
Avrupa Beşiktaş
89%
Avrupa Büyükçekmece
85%
Avrupa Küçükçekmece
85%
Avrupa Fatih
82%
Asya Üsküdar
82%
Avrupa Silivri
81%
Asya Adalar
79%
Asya Pendik
78%
Avrupa Sarıyer
74%
Avrupa Bağcılar
73%
Asya Beykoz
73%
Asya Şile
73%
Avrupa Esenyurt
72%
Asya Tuzla
72%
Asya Ümraniye
72%
Avrupa Arnavutköy
71%
Asya Kartal
71%
Avrupa Başakşehir
69%
Avrupa Beylikdüzü
69%
Avrupa Beyoğlu
69%
Avrupa Esenler
69%
Avrupa Avcılar
68%
Asya Maltepe
67%
Avrupa Şişli
67%
Avrupa Bakırköy
64%
Asya Ataşehir
63%
Avrupa Çatalca
63%
Avrupa Zeytinburnu
63%
Avrupa Gaziosmanpaşa
60%
Asya Sultanbeyli
60%
Avrupa Bahçelievler
58%
Avrupa Eyüpsultan
58%
Avrupa Kağıthane
56%
Asya Çekmeköy
53%
Avrupa Güngören
53%
Avrupa Sultangazi
53%
Avrupa Bayrampaşa
49%
Asya Sancaktepe
49%
No matching quizzes found
Score Distribution
Percent of People with Each Score
Percentile by Number Answered
Your Score History
You have not taken this quiz